Estadísticas para 15 principales países afectados por Covid19 - 9 de junio

Haz click aquí para intentar la prueba.

Estadísticas generales

  • Esta prueba ha sido intentada 11 veces
  • La puntuación promedio es 16 de 26

Estadísticas de respuestas

país% Correcto
Estados Unidos
100%
Brasil
91%
Chile
91%
Chile
91%
España
91%
Italia
91%
Perú
91%
Rusia
91%
Francia
82%
México
82%
Reino Unido
82%
Alemania
73%
India
64%
Irán
64%
Turquía
64%
Arabia Saudita
55%
Bélgica
55%
Suecia
55%
Catar
45%
Baréin
27%
Bielorrusia
27%
Irlanda
27%
Singapur
27%
Kuwait
18%
Armenia
9%
Emiratos
Árabes Unidos
9%

Distribución de puntuación

Porcentaje por número respondido

Porcentaje de gente con cada puntuación

Historial de tus puntuaciones

No has intentado esta prueba.